Vodotlač v audio signáloch

Enregistré dans:
Détails bibliographiques
Auteur principal: Gereg, Boris (Auteur)
Autres auteurs: Michalík, Maroš, 1975- (Directeur de thèse)
Format: Manuscrit Livre
Langue:slovaque
Publié: Bratislava : STU v Bratislave FEI, 2001
Sujets:
Tags: Ajouter un tag
Pas de tags, Soyez le premier à ajouter un tag!

MARC

LEADER 00000ntm a22000003a 4500
001 stu73708
005 20160719164808.7
008 020207s2001------------------------slo-d
040 |a STU  |b slo 
041 0 |a slo 
100 1 |a Gereg, Boris  |4 aut 
245 1 |a Vodotlač v audio signáloch 
260 |a Bratislava :  |b STU v Bratislave FEI,  |c 2001 
300 |a 58 s 
650 7 |a informatika  |2 stusub 
650 7 |a Telekomunikácie  |2 stusub 
700 1 |a Michalík, Maroš,  |d 1975-  |4 ths  |u E240  |U FEI Fakulta elektrotechniky a informatiky  |T FEI Katedra telekomunikácií  |X 1880  |U E240  |Y 72  |7 A000001880